| 000 | 00976nam a2200277 4500 | ||
|---|---|---|---|
| 001 | 384 | ||
| 003 | OSt | ||
| 005 | 20250409081246.0 | ||
| 008 | 250408b |||||||b |||| 00| 1 eng d | ||
| 020 | _a9788538029410 | ||
| 040 | _bpor | ||
| 041 | _hpor | ||
| 082 |
_aI 028.5 _bJP62 |
||
| 245 |
_aJoão e o Pé de Feijão / _cIlustrações Lie Nobusa ; |
||
| 260 |
_aSão Paulo _bCiranda Cultura _c2011 |
||
| 300 |
_a8 p. _bil. |
||
| 520 | _aJoão é um pobre menino, filho de uma viúva, que tem apenas uma vaca magra de onde tirar seu sustento. Mas o que será que acontece quando ele a troca por feijões mágicos e reencontra o gigante que um dia roubou a fortuna de sua família? | ||
| 650 | 0 |
_aLiteratura Brasileira _9205 |
|
| 650 | 0 |
_aHistórias clássicas infantis _9826 |
|
| 650 | 0 |
_aInfantil _9535 |
|
| 650 | 0 |
_aFeijões mágicos _9801 |
|
| 650 | 0 |
_aGigante _9802 |
|
| 655 | 0 |
_aLivro Infantil _9568 |
|
| 700 |
_a Lie Nobusa _eILUSTRADOR _9803 |
||
| 942 |
_2ddc _n0 _cBK |
||
| 999 |
_c384 _d384 |
||